Рисунки западноевропейских художников XIX века: [альбом репродукций]

Podrobná bibliografie
Další autoři: Гращенков В. (составитель)
Jazyk:ruština
Vydáno: Москва, Государственное издательство изобразительного искусства, 1961
Témata:
Médium: MixedMaterials Kniha
KOHA link:https://koha.lib.tpu.ru/cgi-bin/koha/opac-detail.pl?biblionumber=326745

MARC

LEADER 00000nam0a2200000 4500
001 326745
005 20231102003906.0
035 |a (RuTPU)RU\TPU\book\352405 
090 |a 326745 
100 |a 20170114d1961 m y0rusy50 ca 
101 0 |a rus 
102 |a RU 
105 |a a z 001zy 
200 1 |a Рисунки западноевропейских художников XIX века  |e [альбом репродукций]  |f сост. В. Гращенков 
210 |a Москва  |c Государственное издательство изобразительного искусства  |d 1961 
215 |a 20 с.  |c ил. 
320 |a Библиогр. в конце кн. 
606 |a Рисунок  |2 stltpush  |3 (RuTPU)RU\TPU\subj\25243  |9 49446 
610 1 |a 19 век 
610 1 |a художники 
610 1 |a рисунки 
610 1 |a Западная Европа 
610 1 |a живопись 
675 |a 741  |v 4 
702 1 |a Гращенков  |b В.  |4 220 
801 1 |a RU  |b 63413507  |c 20170114 
801 2 |a RU  |b 63413507  |c 20191212  |g RCR 
942 |c BK